Rukověť ku poznání ruského jazyka = Rukovodstvo k’ izučeniju russkago jazyka : navedení k rychlému psaní ruského písma /

Hlavní autor: Rank, Josef, 1833-1912
Další autoři: Farský, Josef, 1826-1889
Jazyk: Ruština
Čeština
Vydáno: V Praze : I.L. Kober, 1868
Témata:
Fyzický popis: [2] s., 12 listů ; 14 x 22 cm
Knihy
Uloženo v:
LEADER 01106nam a22003012a 4500
001 000732875
003 CZ BrMZK
005 20040907094814.0
007 ta
008 040907s1868 xr er|||||||||||cze d
015 |a cnb001024011 
035 |a (OCoLC)85019313 
040 |a ABA001  |b cze  |d BOA001 
041 0 |a cze  |a rus 
072 7 |a 811.161  |x Východoslovanské jazyky  |2 Konspekt  |9 11 
080 |a 811.161  |2 MRF 
100 1 |a Rank, Josef,  |d 1833-1912  |7 jk01102044  |4 com 
245 1 0 |a Rukověť ku poznání ruského jazyka =  |b Rukovodstvo k’ izučeniju russkago jazyka : navedení k rychlému psaní ruského písma /  |c sestavil Josef Rank ; litografoval J. Farský 
246 3 1 |a Rukovodstvo k’ izučeniju russkago jazyka 
260 |a V Praze :  |b I.L. Kober,  |c 1868 
300 |a [2] s., 12 listů ;  |c 14 x 22 cm 
500 |a Text česky a rusky 
700 1 |a Farský, Josef,  |d 1826-1889  |7 jk01030773  |4 ltg 
910 |a BOA001  |b 1-0074.025  |k k 
964 |a Bohemika - stol. 19. 
990 |a BK 
993 |a Y 
996 6 |b 2619471016  |c 1-0074.025  |l MZK  |r Sklad / do 1 hodiny  |n 0  |w 000732875  |u 000010  |a 1  |e BOA001  |j MZK50  |s P